Municipalities of Gansu Province - Statistics

General Stats
  • This quiz has been taken 110 times
  • The average score is 8 of 14
Answers on the Map
Answers color-coded by a green-red scale on the quiz's map according to % correct below.
 
Answer Stats
Answer % Correct
Lanzhou 兰州
88%
Wuwei 武威
72%
Baiyin 白银
64%
Gannan Tibetan 甘南藏族
64%
Qingyang 庆阳
60%
Tianshui 天水
60%
Zhangye 张掖
60%
Jiayuguan 嘉峪关
56%
Jiuquan 酒泉
56%
Pingliang 平凉
56%
Dingxi 定西
52%
Longnan 陇南
52%
Jinchang 金昌
48%
Linxia Hui 临夏回族
48%
No matching quizzes found
Score Distribution
Percent of People with Each Score
Percentile by Number Answered
Your Score History
You have not taken this quiz